• 首页
  • 本馆介绍
  • 公告通知
  • 最新文献
  • 馆藏检索
  • 电子资源
  • 读者导购
  • 参考咨询
  • 我的图书馆
  • 登录
  • 详细信息显示
  • 放入我的书架
  • 预约/预借图书
  • 作者相关作品
  • 分类相关作品
  • 丛书相关作品
  • 出版社相关作品

书目信息

  • 表格格式
  • 工作单格式
  • 卡片格式
题名:
“多元交互式”教学评价
    
 
作者: 朱雪梅 著
分册:  
出版信息: 北京   北京师范大学出版社  2019.01
页数: 275页
开本: 24cm
丛书名: 中国基础教育国家级教学成果文库
单 册:
中图分类: G632.0
科图分类:
主题词: 中小学--zhong xiao xue--教学评估
电子资源:
ISBN: 978-7-303-23427-1
000 01279nam 2200253 450
001 1961651094
005 20191106170750.89
010    @a978-7-303-23427-1@dCNY46.00
100    @a20190315d2019 em y0chiy50 ea
101 0  @achi
102    @aCN@b110000
105    @aak z 000yy
200 1  @a“多元交互式”教学评价@A“ duo yuan jiao hu shi ” jiao xue ping jia@f朱雪梅著
210    @a北京@c北京师范大学出版社@d2019.01
215    @a275页@c图@d24cm
225 2  @a中国基础教育国家级教学成果文库@Azhong guo ji chu jiao yu guo jia ji jiao xue cheng guo wen ku
314    @a朱雪梅, 南京师范大学教师教育学院教授等职。
330    @a本书形成了比较完善的评价标准、工具、路径。即: 学生地理素养标准与“四大维度17项指标”教学行为标准 ; 数字化教学观察平台与与教学观察手册 ; 多元主体交互共建的全程性学业成绩评价路径, “共研设计—课堂观察—协商研讨—行为反思—再设计”循环跟进式课堂教学评价路径, “评估—指导—塑造—再评估”偏差性教学行为矫正路径。基本解决了评价者与评价对象相对立、评价手段与评价理念相脱节、评价路径与教学过程相游离等问题, 实现了评价范式的转型。
410  0 @12001 @a中国基础教育国家级教学成果文库
606 0  @a中小学@Azhong xiao xue@x教学评估
690    @aG632.0@v5
701  0 @a朱雪梅@Azhu xue mei@4著
801  0 @aCN@b人天书店@c20190315
905    @aZUCC@dG632.0@e10
    
    “多元交互式”教学评价/朱雪梅著.-北京:北京师范大学出版社,2019.01
    275页:图;24cm.-(中国基础教育国家级教学成果文库)
    
    
    ISBN 978-7-303-23427-1:CNY46.00
    本书形成了比较完善的评价标准、工具、路径。即: 学生地理素养标准与“四大维度17项指标”教学行为标准 ; 数字化教学观察平台与与教学观察手册 ; 多元主体交互共建的全程性学业成绩评价路径, “共研设计—课堂观察—协商研讨—行为反思—再设计”循环跟进式课堂教学评价路径, “评估—指导—塑造—再评估”偏差性教学行为矫正路径。基本解决了评价者与评价对象相对立、评价手段与评价理念相脱节、评价路径与教学过程相游离等问题, 实现了评价范式的转型。
●
相关链接 在五车中查询图书 在当当中查询图书 在豆瓣中查询图书


正题名:"多元交互式"教学评价     索取号:G632.0/10         预约/预借

序号 登录号 条形码 馆藏地/架位号 状态 备注
山东省滨州职业学院图书馆 欢迎您!
大连网信软件有限公司© 版权所有